| 000 | 01120cam a2200289 4500 | ||
|---|---|---|---|
| 008 | 031103n2004 000 0 eng u | ||
| 020 | _a007139513X | ||
| 035 | _a(Sirsi) u124215 | ||
| 041 | _aeng | ||
| 050 |
_a690.073 _c18 |
||
| 100 | _aLevy, S. | ||
| 245 | _aBuilder's instant answers | ||
| 260 |
_aNew York _aLondonbMcGraw-Hill _c2004 |
||
| 300 |
_axiii, 441p. _c21cm. |
||
| 350 | _a34.99 | ||
| 520 | _aAn American text that covers a wide variety of construction related queries. It is aimed at both the professional and DIY enthusiast. Covers all aspects of interior and exterior construction. Includes general advice on planning, flooding, site and engineering evaluation. Plumbing, electrical systems, insulation and HVAC are also discussed. | ||
| 650 | _aHOUSE BUILDING | ||
| 650 | _aHOUSE REPAIRS | ||
| 650 | _aDIY | ||
| 650 | _aRESIDENTIAL BUILDINGS | ||
| 650 | _aBUILT ENVIRONMENT-BUILDING MAINTENANCE AND REFURBISHMENT | ||
| 650 | _aINTERIORS | ||
| 650 | _aEXTERIOR SURFACES | ||
| 690 | _aBUILDING AND CONSTRUCTION-HANDBOOKS AND REFERENCE | ||
| 710 |
_aWoodson _hR. Dodge |
||
| 942 | _n0 | ||
| 999 |
_c103174 _d103174 |
||